Marketing and the Bottom Line: The marketing matrics to pump up cash flow. (Record no. 9581)

MARC details
000 -LEADER
fixed length control field 00666nam a22002177a 4500
003 - CONTROL NUMBER IDENTIFIER
control field OSt
005 - DATE AND TIME OF LATEST TRANSACTION
control field 20251022144623.0
008 - FIXED-LENGTH DATA ELEMENTS--GENERAL INFORMATION
fixed length control field 251022b |||||||| |||| 00| 0 eng d
020 ## - INTERNATIONAL STANDARD BOOK NUMBER
International Standard Book Number 0273661949
040 ## - CATALOGING SOURCE
Transcribing agency MUST
082 ## - DEWEY DECIMAL CLASSIFICATION NUMBER
Edition number 2nd
Classification number 658.8 AMB 2003
100 ## - MAIN ENTRY--PERSONAL NAME
Personal name Ambler Tim
9 (RLIN) 19487
245 ## - TITLE STATEMENT
Title Marketing and the Bottom Line: The marketing matrics to pump up cash flow.
260 ## - PUBLICATION, DISTRIBUTION, ETC. (IMPRINT)
Place of publication, distribution, etc. Britain
Name of publisher, distributor, etc. Prentice
Date of publication, distribution, etc. c2003
300 ## - PHYSICAL DESCRIPTION
Extent xiv,320p.
Other physical details ill. tables and graphs
Dimensions 25cm.
440 ## - SERIES STATEMENT/ADDED ENTRY--TITLE
Title The marketing matrics to pump up cash flow
9 (RLIN) 19488
504 ## - BIBLIOGRAPHY, ETC. NOTE
Bibliography, etc includes appendix and index
650 ## - SUBJECT ADDED ENTRY--TOPICAL TERM
Source of heading or term marketing metrics
700 ## - ADDED ENTRY--PERSONAL NAME
Personal name Tim Ambler
9 (RLIN) 19489
942 ## - ADDED ENTRY ELEMENTS (KOHA)
Source of classification or shelving scheme Dewey Decimal Classification
Koha item type Open Shelf
Holdings
Withdrawn status Lost status Source of classification or shelving scheme Damaged status Not for loan Home library Current library Date acquired Source of acquisition Inventory number Total Checkouts Full call number Barcode Date last seen Price effective from Koha item type
    Dewey Decimal Classification     MUST Main Library MUST Main Library 22/10/2025 Donation 03/20631   658.8 AMB 2003 2025-0161 22/10/2025 22/10/2025 Open Shelf